000
00226 a2200097 4500
001
37972
100
_a
Shahnawer A
245
_a
A rendezvous with destiny
260
_a
Karachi
_b
Fast Line Print
_c
1994
090
_c
24151
_d
24151
942
_a
NUST-CAE
_c
M
_c
15727
999
_c
273045
_d
273045